000 00613nam a22002297a 4500
003 UA-OsUOA
001 53226
007 ta
008 20080324b un ||||| |||| 00| 0 ukr d
090 _a821(082)
_bН34
942 _cBK
040 _aUA-OsUOA
_bukr
_cUA-OsUOA
_dUA-OsUOA
245 _aНаукові записки. Серія "Філологічна"
300 _a344 с.
955 _a1
041 _aukr
080 _a821(082)
260 _aОстрог
_bНАУОА
_c2007
250 _nВип. 7
650 7 _a82 Література. Літературознавство
_2UDC
999 _c339320
_d339320